Rozpoznaj piłkarza - quiz obrazkowy - Statystyki

Ogólne statystyki
  • Ten quiz został rozwiązany 43 razy
  • Średni wynik to 25 z 50
Statystyki odpowiedzi
Obrazkowy Odpowiedź % Poprawnych
Messi
100%
Sergio Ramos
94%
Cristiano Ronaldo
88%
Ronaldinho
88%
Gianluigi Buffon
85%
Pelé
85%
Diego Maradona
82%
Neymar jr.
79%
Ruud Gullit
76%
Andrés Iniesta
71%
Arturo Vidal
68%
Edinson Cavani
65%
Eusébio
65%
George Best
65%
James Rodríguez
65%
Sócrates
65%
David Beckham
56%
Franco Baresi
53%
Michel Platini
53%
Gerard Piqué
50%
Schweinsteiger
50%
Andrea Pirlo
47%
Marco Van-Basten
47%
Vidić
47%
Paolo Maldini
44%
Dennis Bergkamp
41%
Franz Beckenbauer
41%
Hugo Sanchez
41%
Thierry Henry
41%
Włodzimierz Lubański
41%
Yaya Touré
41%
Davor Šuker
38%
Fernando Torres
38%
Robinho
38%
Zico
38%
Alfredo di Stefano
35%
Didier Deschamps
35%
Del Piero
32%
Hagi
32%
Jaap Stam
32%
Jay-Jay Okocha
32%
Materazzi
32%
Philippe Coutinho
32%
Jari Litmanen
29%
Jean-Pierre Papin
24%
Gabriel Batistuta
18%
Ruud Van Nisterlooy
18%
Mauricio Pochettino
15%
Roberto Rivelino
15%
Gordon Banks
12%
Nie znaleziono quizów pasujących do podanych kryteriów
Rozkład punktacji
Procent ludzi z każdym wynikiem
Percentyl według liczby udzielonych odpowiedzi
Twoja historia wyników
Nie rozwiązałeś tego quizu